000
00250nam a2200097Ia 4500
001
709539
005
20250826162548.0
008
250824s9999 xx 000 0 und d
245
0
_a
İP BACAKLI UZAYLI ÇOCUK
_c
AYTÜL AKAL
260
_b
UÇANBALIK YAYINLARI
999
_c
709539
_d
709539